| 000 | 00343nam a22001337a 4500 | ||
|---|---|---|---|
| 020 | _a9780070234116 | ||
| 040 | _cNust | ||
| 082 |
_a004.16 _bGIl |
||
| 100 |
_aGILMORE _9127315 |
||
| 245 |
_aMicroprocessors _bprinciples and applications |
||
| 260 |
_aNew York: _bMcGraw -Hill, _c1993. |
||
| 650 |
_aMicroprocessors _918075 |
||
| 942 |
_2ddc _cBK |
||
| 999 |
_c612473 _d612473 |
||